Продавец воздуха. Вечный хлеб. Человек, нашедший свое лицо. Остров Погибших Кораблей

Manylion Llyfryddiaeth
Prif Awdur: Беляев А. Р. Александр Романович
Crynodeb:В центре романа "Продавец воздуха" — чудовищный план гангстера от науки, наметившего лишить Землю атмосферы, продав земной воздух марсианам. Тема повести "Вечный хлеб" — добывание пищи из воздуха с помощью бактерий. Судьбе знаменитого комика-урода и карлика Тонио Престо посвящается роман «Человек, нашедший свое лицо». В повести "Остров Погибших Кораблей" описывается грандиозное кладбище кораблей в Саргассовом море.
Iaith:Rwseg
Cyhoeddwyd: Тула, Приокское кн. изд-во, 1994
Cyfres:Приключения. Фантастика. Детектив
Pynciau:
Fformat: Llyfr
KOHA link:https://koha.lib.tpu.ru/cgi-bin/koha/opac-detail.pl?biblionumber=346128

MARC

LEADER 00000nam0a2200000 4500
001 346128
005 20231102005843.0
010 |a 5763904923 
035 |a (RuTPU)RU\TPU\book\377984 
090 |a 346128 
100 |a 20210604d1994 m y0rusy50 ca 
101 0 |a rus 
102 |a RU 
105 |a y z 000ay 
200 1 |a Продавец воздуха. Вечный хлеб. Человек, нашедший свое лицо. Остров Погибших Кораблей  |f А. Р. Беляев 
210 |a Тула  |c Приокское кн. изд-во  |d 1994 
215 |a 464 с. 
225 1 |a Приключения. Фантастика. Детектив 
330 |a В центре романа "Продавец воздуха" — чудовищный план гангстера от науки, наметившего лишить Землю атмосферы, продав земной воздух марсианам. Тема повести "Вечный хлеб" — добывание пищи из воздуха с помощью бактерий. Судьбе знаменитого комика-урода и карлика Тонио Престо посвящается роман «Человек, нашедший свое лицо». В повести "Остров Погибших Кораблей" описывается грандиозное кладбище кораблей в Саргассовом море. 
606 1 |a Русская литература современная  |2 stltpush  |3 (RuTPU)RU\TPU\subj\26373  |9 50316 
610 1 |a художественная литература 
610 1 |a фантастика 
675 |a Р2  |v 4 
700 1 |a Беляев  |b А. Р.  |c русский писатель  |c фантаст  |f 1884-1942  |g Александр Романович  |2 stltpush  |3 (RuTPU)RU\TPU\pers\40998  |9 21368 
801 1 |a RU  |b 63413507  |c 20210604 
801 2 |a RU  |b 63413507  |c 20210708  |g RCR 
942 |c BK